Problemi storico-esegetici delle XII tavole
Guardado en:
| Autor principal: | |
|---|---|
| Formato: | Libro |
| Lenguaje: | italiano |
| Publicado: |
Milán
Scientifiche Italiane
2003
|
| Materias: | |
| Etiquetas: |
Agregar Etiqueta
Sin Etiquetas, Sea el primero en etiquetar este registro!
|
MARC
| LEADER | 00000nam a2200000 a 4500 | ||
|---|---|---|---|
| 001 | UCL4044 | ||
| 003 | CL-VaPUC | ||
| 008 | 031219e20030000IT |||||||||||||||||ita|d | ||
| 020 | |a 8849505310 | ||
| 082 | 0 | 4 | |a 340.54 |b DIP |2 21 |
| 100 | |a D'Ippolito, Federico M |e author |9 498893 | ||
| 245 | 1 | 0 | |a Problemi storico-esegetici delle XII tavole |
| 300 | |a 192 p | ||
| 942 | |c BK | ||
| 945 | |d 20031219 00:00:00 |a cmena | ||
| 260 | |a Milán |b Scientifiche Italiane |c 2003 | ||
| 650 | 0 | |a Derecho romano |9 255930 | |
| 650 | 7 | |a INTERPRETACION DEL DERECHO |2 CL-VaPUC |9 481528 | |
| 583 | |a last modification |c 20031219 00:00:00 |k Rodrigo Vera | ||
| 999 | |c 306998 |d 306996 | ||
| 952 | |0 0 |1 0 |4 0 |6 340_540000000000000_DIP_2003 |7 0 |8 DER_ROM |9 372460 |a BIBDER |b BIBDER |d 2019-11-21 |i 3963896 |o 340.54 DIP 2003 |p 3963896 |r 2023-01-25 |w 2019-11-21 |x Ubicación 4to piso |y BK |z Este recurso debe solicitarse con anticipación |k DER | ||